<Le> travail temporaire
Salvato in:
| Autore principale: | |
|---|---|
| Altri autori: | |
| Natura: | Libro |
| Lingua: | francese |
| Pubblicazione: |
Paris
Presses Universitaires de France
1993
|
| Serie: | Que sais - je ?
2772 |
| Soggetti: | |
| Tags: |
Nessun Tag, puoi essere il primo ad aggiungerne!!
|
MARC
| LEADER | 00000nam$a2200000$$$4500 | ||
|---|---|---|---|
| 001 | 0115983 | ||
| 005 | 20240111124610.1 | ||
| 020 | |a 2-13-045642-1 | ||
| 041 | 0 | |a fre | |
| 044 | |a FR | ||
| 245 | 1 | 0 | |a <Le> travail temporaire |c Daniel Marchand, Eric Marie de Ficquelmont |
| 264 | 1 | |a Paris |b Presses Universitaires de France |c 1993 | |
| 300 | |a 127 s. | ||
| 490 | 1 | |a Que sais - je ? |v 2772 | |
| 830 | 0 | |a Que sais - je ? |v 2772 | |
| 610 | 2 | 0 | |a práca |
| 610 | 2 | 0 | |a zamestnanie |
| 610 | 2 | 0 | |a pomer pracovný na dobu určitú |
| 610 | 2 | 0 | |a pomer pracovný |
| 100 | 1 | |a Marchand, Daniel | |
| 700 | 1 | |a de Ficquelmont, Eric Marie | |